000 00445nam a2200169 a 4500
001 14343
005 20180713202825.0
008 140415s1994 mx 000 0 spa d
041 _aspa
082 _a303.33
_bBOR
100 1 _aBORREGO E., SALVADOR
245 1 0 _aPSICOLOGIA GUERRA Y LA NUEVA ERA 2000
250 _a1a ed.
260 _aMEXICO :
_bTIPOGRAFIAS EDITORIALES,
_c1994
300 _a150
650 1 4 _aCAMBIO SOCIAL
999 _c14343
_d14343